| 000 | 01534nam a2200289 i 4500 | ||
|---|---|---|---|
| 003 | PPAK | ||
| 005 | 20250917123645.0 | ||
| 008 | 250908s2024 my ao gr6 000 0 may | ||
| 020 |
_a9789671903322 _cRM 14.00 _qpaperback |
||
| 040 |
_aPPAK _beng _cPPAK _erda |
||
| 082 |
_223 _a741.59595 |
||
| 090 | 0 | 0 |
_a741.59595 _bMUH _dG |
| 100 | 0 |
_aMuhammad Zaid Fakhri Mohd Zawawi, _eauthor, _eeditor, _eillustrator. |
|
| 245 | 1 | 0 |
_aMIGHTY KNIGHT BAYU. _n04 : _bBADIA! / _cPENULIS MUHAMMAD ZAID FAKHRI MOHD ZAWAWI, SHAFIQ MANSOR ; ARTIS GRAFIK SHAFIQ MANSOR, ARSYARI ADNAN |
| 264 | 1 |
_aKuantan, Pahang : _bWIROES STUDIO ENTERPRISE, _c2024 |
|
| 300 |
_a1 volume : _bcolour illustrations ; _c21 cm |
||
| 336 |
_atext _2rdacontent |
||
| 337 |
_aunmediated _2rdamedia |
||
| 338 |
_avolume _2rdacarrier |
||
| 520 | _aSejurus tamat menyelesaikan tugasan menumpaskan Native Prime Berang, Mirul mendapat keizinan bercuti setelah permohonannya diluluskan. Beliau telah menghadiri acara jualan kad Emas Bobo Kembara Angkasa yang terkini. Di sana Mirul telah bertemu dengan seorang pemuda misteri bernama Wan. Keadaan menjadi huru - hara apabila Native Prime Kencang muncul dan Mirul tidak mempunyai MK Driver untuk menentang musuh tersebut. Mampukah Mirul menyelesaikan situasi ini? | ||
| 650 | 1 | 0 |
_aComic books, strips, etc. _zMalaysia |
| 650 | 2 | 0 | _aComic books and teenagers |
| 650 | 2 | 0 |
_aSuperheroes _zMalaysia |
| 700 | 0 |
_aShafiq Mansor, _eauthor, _eillustrator. |
|
| 700 | 0 |
_aArsyari Adnan, _eillustrator. |
|
| 942 |
_2ddc _cB |
||
| 999 |
_c200733 _d200733 |
||